| 000 | 00509 a2200217 4500 | ||
|---|---|---|---|
| 001 | 21690 | ||
| 999 |
_c21690 _d8361 |
||
| 003 | TR-AnTOB | ||
| 005 | 20190408212812.0 | ||
| 008 | 041102s2003 tu tur | ||
| 020 | _a9755107045 | ||
| 041 | _atur | ||
| 050 |
_aPL248.A475 _bT4 2003 |
||
| 090 | _aPL248.A475 T4 2003 | ||
| 100 |
_aAltan, Ahmet _96800 |
||
| 245 | 0 |
_aTehlikeli masallar / _cAhmet Altan. |
|
| 250 | _a63. bs. | ||
| 264 | 1 |
_aİstanbul : _bCan Yayınları, _c2003 |
|
| 300 |
_a251 p. ; _c20 cm. |
||
| 902 | _a0003115 | ||
| 942 | _cBK | ||